Japonské ekonomické perspektivy

Prehľad o vývoji japonskej ekonomiky v 90. rokoch. Hlavné makroekonomické ukazovatele v rokoch 1990-1995. Stagnácia ekonomiky v prvej polovici 90. rokoch. Problémy japonskej ekonomiky v 2. polovici 90. rokoch. Prognózy ďalšieho vývoja.

Salvato in:
Dettagli Bibliografici
Autore principale: Kunešová, Hana
Natura: Capitolo di libro
Lingua:ceco
Soggetti:
Tags: Aggiungi Tag
Nessun Tag, puoi essere il primo ad aggiungerne!!

MARC

LEADER 00000naa a2200000 4500
001 r038167
005 20230927120626.0
041 0 |a cze 
044 |a CZ 
245 1 0 |a Japonské ekonomické perspektivy  |c Hana Kunešová 
520 |a Prehľad o vývoji japonskej ekonomiky v 90. rokoch. Hlavné makroekonomické ukazovatele v rokoch 1990-1995. Stagnácia ekonomiky v prvej polovici 90. rokoch. Problémy japonskej ekonomiky v 2. polovici 90. rokoch. Prognózy ďalšieho vývoja. 
610 2 0 |a vývoj hospodársky 
610 2 0 |a Japonsko 
610 2 0 |a ukazovatele makroekonomické 
610 2 0 |a úpadok hospodársky 
610 2 0 |a prognózy hospodárske 
610 2 0 |a recesia 
100 1 |a Kunešová, Hana